| 000 | 00835pam a22002654a 4500 | ||
|---|---|---|---|
| 001 | 124431 | ||
| 005 | 20230410124134.0 | ||
| 008 | 040213s2004 nyuab 001 0 eng | ||
| 020 | _a0393731553 (pbk.) | ||
| 040 |
_aDLC _cDLC _dYDX _dDLC |
||
| 042 | _apcc | ||
| 043 | _an-us-il | ||
| 050 | 1 | 4 |
_aNA 735.C4 _bM478p 2004 |
| 082 | 0 | 0 | _a720 |
| 100 | 1 | _aMcBrien, Judith Paine. | |
| 245 | 1 | 0 |
_aPocket guide to Chicago architecture / _cJudith Paine McBrien ; illustrations by John F. DeSalvo. |
| 250 | _a2nd ed. | ||
| 260 |
_aNew York : _bW. W. Norton, _c2004. |
||
| 300 |
_a176 p. : _bill., maps ; _c21 cm. |
||
| 500 | _aIncludes indexes. | ||
| 650 | 0 |
_aArchitecture _zIllinois _zChicago _vGuidebooks. |
|
| 651 | 0 |
_aChicago (Ill.) _xBuildings, structures, etc. _vGuidebooks. |
|
| 651 | 0 |
_aChicago (Ill.) _vGuidebooks. |
|
| 942 |
_2lcc _cbk |
||
| 999 |
_c71775 _d71775 |
||